000 00322nam a2200133 i 4500
001 bg
100 1 _aSTRUPCZEWSKI, Andrzej
245 0 _aPodstawy techniki reaktorowej /
_cAndrzej Strupczewski.
260 _aKielce,
_c1982.
040 _cBPK
041 _apol
942 _cKS
008 s pl f |000 0 pol
999 _c22101
_d22101
856 _uhttp://koha.tu.koszalin.pl/cgi-bin/koha/opac-detail.pl?biblionumber=22101
_yKatalog online BPK